[Event "THA-chT op"]
[Site "Bangkok"]
[Date "2020.12.11"]
[Round "3.4"]
[White "Nilkhumhaeng, Nilwadee"]
[Black "Robillos, Airene"]
[Result "0-1"]
[WhiteElo "1268"]
[BlackElo "1672"]
[PlyCount "82"]
[EventDate "2020.12.10"]
[EventType "team-swiss"]
[EventRounds "9"]
[EventCountry "THA"]
[SourceTitle "CBM 199 Extra"]
[Source "ChessBase"]
[SourceDate "2021.01.31"]
[SourceVersion "1"]
[SourceVersionDate "2021.01.31"]
[SourceQuality "1"]
[WhiteTeam "Pattaya Karken"]
[BlackTeam "JCA Anglo"]
[WhiteTeamCountry "THA"]
[BlackTeamCountry "THA"]

1. e4 c5 2. d4 cxd4 3. c3 dxc3 4. Nxc3 Nc6 5. Bc4 e6 6. Nf3 Bb4 7. Bd2 Nf6 8. 0-0 0-0 9. Qe2 d5 10. e5 Nxe5 11. Nxe5 dxc4 12. Nxc4 a6 13. a3 Be7 14. Rfd1 Qc7 15. Be3 b5 16. Nd2 Bb7 17. Rac1 Qe5 18. Nf3 Qh5 19. h3 Rfd8 20. Nd2 Qg6 21. Qf1 Nd7 22. Ne2 e5 23. Ng3 f5 24. Rc7 Bd5 25. Nb1 Bc4 26. Ne2 Qe6 27. Nd2 Bd6 28. Rc6 Bd5 29. Rcc1 f4 30. Bxf4 exf4 31. Nd4 Qg6 32. N2f3 Ne5 33. Rc3 Nxf3+ 34. Nxf3 Bxf3 35. Rxf3 Be5 36. Re1 Rd5 37. Qe2 Rc8 38. Rc3 Bxc3 39. bxc3 Rf8 40. Qa2 Qf7 41. f3 Rfd8 0-1

[Event "THA-chT"]
[Site "Bangkok"]
[Date "2019.12.17"]
[Round "3.4"]
[White "Taweesupmun, Chanida"]
[Black "Robillos, Airene"]
[Result "0-1"]
[WhiteElo "1645"]
[BlackElo "1551"]
[PlyCount "92"]
[EventDate "2019.12.16"]
[EventType "team-swiss"]
[EventRounds "9"]
[EventCountry "THA"]
[SourceTitle "CBM 194 Extra"]
[Source "ChessBase"]
[SourceDate "2020.03.31"]
[SourceVersion "1"]
[SourceVersionDate "2020.03.31"]
[SourceQuality "1"]
[WhiteTeam "East Bangapi"]
[BlackTeam "JCA Alpha"]
[WhiteTeamCountry "THA"]
[BlackTeamCountry "THA"]

1. d4 Nf6 2. Nf3 g6 3. Bf4 Bg7 4. e3 0-0 5. h3 d6 6. c3 Nc6 7. Bc4 Nd7 8. 0-0 e5 9. dxe5 Ndxe5 10. Bb3 h6 11. Nbd2 Kh7 12. Nd4 Qe7 13. N2f3 Nd8 14. Bg3 f5 15. Qc2 a6 16. Rad1 c5 17. Bxe5 dxe5 18. Ne2 Be6 19. Bd5 e4 20. Nh2 Be5 21. f4 Bg7 22. c4 Bxd5 23. Rxd5 Nc6 24. a3 Rfd8 25. Rfd1 Rxd5 26. Rxd5 Rd8 27. Nc3 Na5 28. Rxd8 Qxd8 29. Nd5 b5 30. b3 bxc4 31. bxc4 Qb8 32. Nf1 Qb3 33. Qxb3 Nxb3 34. g4 Bb2 35. a4 Na5 36. Nc7 Nxc4 37. Nxa6 Ba3 38. Nc7 Na5 39. Nb5 Bb2 40. Ng3 c4 41. gxf5 c3 42. fxg6+ Kxg6 43. Nd4 Nc4 44. Kf2 Bc1 45. Nc2 Na3 46. f5+ Kf7 0-1